Missing Word: James Bond Actors Quiz Stats

 Plays Quiz Updated Mar 2, 2016

Also try: Missing Word: 007
Challenge
Share
Tweet
Embed
Score 0/16 Timer 03:00
0 Plays Today
% Correct
Toy
97.9%
Dragon
97.1%
Mamma
93.9%
Hunt
91.3%
Express
86.3%
Crusade
85.1%
Golden
84.8%
Cowboys
78.9%
% Correct
Extraordinary
77.8%
Thomas
76.1%
Perdition
63.8%
Peak
59.7%
Fuzz
35.5%
Writer
23.6%
Beautician
13.8%
Outlaws
4.5%

Today's Daily Dose

You're not logged in!

Compare scores with friends on all Sporcle quizzes.
OR
Log In

You Might Also Like...

Show Comments

Extras

Top Quizzes Today


Score Distribution

Your Account Isn't Verified!

In order to create a playlist on Sporcle, you need to verify the email address you used during registration. Go to your Sporcle Settings to finish the process.

Report this User

Report this user for behavior that violates our Community Guidelines.

Details: